La estabilidad fiscal como un derecho adquirido asimilable a la propiedad en el RIGI. Análisis basado en sus antecedentes / (Registro nro. 6290)
[ vista simple ]
| 000 -LEADER | |
|---|---|
| fixed length control field | 01065nabaa22002177a 4500 |
| 003 - CONTROL NUMBER IDENTIFIER | |
| control field | OSt |
| 005 - DATE AND TIME OF LATEST TRANSACTION | |
| control field | 20260129004420.0 |
| 008 - FIXED-LENGTH DATA ELEMENTS--GENERAL INFORMATION | |
| fixed length control field | 190701b xxu||||| |||| 00| 0 spa d |
| 040 ## - CATALOGING SOURCE | |
| Transcribing agency | PJ |
| 100 ## - MAIN ENTRY--PERSONAL NAME | |
| 9 (RLIN) | 6981 |
| Personal name | Capponi, Agustina |
| 245 13 - TITLE STATEMENT | |
| Title | La estabilidad fiscal como un derecho adquirido asimilable a la propiedad en el RIGI. Análisis basado en sus antecedentes / |
| Statement of responsibility, etc | Agustina Capponi. |
| 300 ## - PHYSICAL DESCRIPTION | |
| Extent | p. 158-168 |
| 500 ## - GENERAL NOTE | |
| General note | Cita: TR LALEY AR/DOC/441/2025 |
| 505 ## - FORMATTED CONTENTS NOTE | |
| Formatted contents note | Sumario: I. Introducción.— II. Estabilidad fiscal: concepto, alcances y problemáticas.— III. Antecedentes legislativos.— IV. Fallos destacados.— V. La estabilidad fiscal en el RIGI.— VI. Conclusión. |
| 505 ## - FORMATTED CONTENTS NOTE | |
| Title | ¿Te interesa el texto completo? Comunicate al correo: koha@justierradelfuego.gov.ar |
| 650 #0 - SUBJECT ADDED ENTRY--TOPICAL TERM | |
| 9 (RLIN) | 211 |
| Topical term or geographic name as entry element | DERECHO ADMINISTRATIVO |
| 650 #0 - SUBJECT ADDED ENTRY--TOPICAL TERM | |
| 9 (RLIN) | 200 |
| Topical term or geographic name as entry element | DECRETOS DE NECESIDAD Y URGENCIA |
| 650 #0 - SUBJECT ADDED ENTRY--TOPICAL TERM | |
| 9 (RLIN) | 6430 |
| Topical term or geographic name as entry element | INVERSIONES |
| 773 0# - HOST ITEM ENTRY | |
| Host Biblionumber | 2842 |
| Host Itemnumber | 3251 |
| Place, publisher, and date of publication | Buenos Aires : AbeledoPerrot, 2012- |
| Other item identifier | DA121 |
| Title | Derecho administrativo. Nº 158 marzo/abril 2025 |
| International Standard Book Number | 18510590 |
| 942 ## - ADDED ENTRY ELEMENTS (KOHA) | |
| Source of classification or shelving scheme | |
| Koha item type | Analítica Artículo de Revista |
No hay ítems disponibles.
